| 000 | 01118nam a22002895a 4500 | ||
|---|---|---|---|
| 999 |
_c3673 _d3673 |
||
| 003 | EG-ScBUE | ||
| 005 | 20210210093704.0 | ||
| 008 | 081012s199u ua f 000 f ara d | ||
| 017 | _a2559 | ||
| 020 | _a9773162257 | ||
| 040 |
_aEG-ScBUE _bara _erda _cEG-ScBUE _dEG-ScBUE |
||
| 082 | 0 | 4 |
_a892.736 _bم ح ف _222 |
| 100 | 1 |
_aمحفوظ، نجيب، _d1911-2006، _eمؤلف. |
|
| 245 | 1 | 0 |
_aعبث الأقدار / _cتأليف نجيب محفوظ، الحائز على جائزة الدولة التقديرية وجائزة نوبل العالمية للآداب 1988. |
| 264 | 1 |
_aالقاهرة : _bمكتبة مصر، _c[199?] |
|
| 300 |
_a206 صفحة ؛ _c20 سم. |
||
| 336 |
_2rdacontent _aنص _btxt |
||
| 337 |
_2rdamedia _aبدون وسيط _bn |
||
| 338 |
_2rdacarrier _aمجلد _bnc |
||
| 490 | 0 | _aمطبوعات مكتبة مصر | |
| 650 | 7 |
_aالقصص العربية _zمصر _yقرن 20. _2BUEsh _928134 |
|
| 650 | 7 |
_aالقصص التاريخية العربية _zمصر _yقرن 20. _2BUEsh |
|
| 651 | _2BUEsh | ||
| 653 |
_bARALIT _cSeptember2017 |
||
| 655 |
_vReading book _934232 |
||
| 942 | _2ddc | ||